logo

Bir Sreshtho Munshi Abdur Rouf Library
Jhenaidah Cadet College

The woman in white / (Record no. 4992)

MARC details
000 -LEADER
fixed length control field 01184nam a2200373 a 4500
001 - CONTROL NUMBER
JCCL Control Number 4992
003 - CONTROL NUMBER IDENTIFIER
JCCL marc code BD-JhCC
005 - DATE AND TIME OF LATEST TRANSACTION
control field 20220825134021.0
008 - FIXED-LENGTH DATA ELEMENTS--GENERAL INFORMATION
fixed length control field 030508r20031860enk b 000 1 eng
020 ## - INTERNATIONAL STANDARD BOOK NUMBER
International Standard Book Number 0141439610
035 ## - SYSTEM CONTROL NUMBER
system control number (BD-JhCC)4992
040 ## - CATALOGING SOURCE
Original cataloging agency DLC
Transcribing agency DLC
Modifying agency DLC
041 ## - LANGUAGE CODE
Language code of Book eng
050 00 - LIBRARY OF CONGRESS CALL NUMBER
Classification number PR4494
Item number .W5 2003
082 04 - DEWEY DECIMAL CLASSIFICATION NUMBER
Classification number 823/.8
DDC Edition number 21
Author mark and Year COL 2003
100 1# - MAIN ENTRY--PERSONAL NAME
Personal name Collins, Wilkie,
Dates associated with a name 1824-1889.
245 14 - TITLE STATEMENT
Title The woman in white /
Statement of responsibility, etc Wilkie Collins ; edited with an introduction and notes by Matthew Sweet.
260 ## - PUBLICATION, DISTRIBUTION, ETC. (IMPRINT)
Place of publication, distribution, etc London ;
-- New York :
Name of publisher, distributor, etc Penguin Books,
Date of publication, distribution, etc [2003]
300 ## - PHYSICAL DESCRIPTION
Pagination xxxviii, 671 p. ;
Dimensions 20 cm.
440 #0 -
Title Penguin classics
504 ## - BIBLIOGRAPHY, ETC. NOTE
Bibliography, etc Includes bibliographical references (p. xxxv-xxxvii).
650 #0 - SUBJECT ADDED ENTRY--TOPICAL TERM
Topical term or geographic name as entry element Psychiatric hospital patients
Form subdivision Fiction.
650 #0 - SUBJECT ADDED ENTRY--TOPICAL TERM
Topical term or geographic name as entry element Inheritance and succession
Form subdivision Fiction.
650 #0 - SUBJECT ADDED ENTRY--TOPICAL TERM
Topical term or geographic name as entry element Country homes
Form subdivision Fiction.
650 #0 - SUBJECT ADDED ENTRY--TOPICAL TERM
Topical term or geographic name as entry element Art teachers
Form subdivision Fiction.
650 #0 - SUBJECT ADDED ENTRY--TOPICAL TERM
Topical term or geographic name as entry element Deception
Form subdivision Fiction.
650 #0 - SUBJECT ADDED ENTRY--TOPICAL TERM
Topical term or geographic name as entry element Nobility
Form subdivision Fiction.
651 #0 - SUBJECT ADDED ENTRY--GEOGRAPHIC NAME
Geographic name England
Form subdivision Fiction.
655 #7 -
Genre/form data or focus term Psychological fiction.
Source of term lcsh
655 #7 -
Genre/form data or focus term Gothic fiction.
Source of term gsafd
655 #7 -
Genre/form data or focus term Love stories.
Source of term gsafd
700 1# - ADDED ENTRY--PERSONAL NAME
Personal name Sweet, Matthew.
942 ## - ADDED ENTRY ELEMENTS (KOHA)
Source of classification or shelving scheme Dewey Decimal Classification
Koha item type Books
Koha issues (borrowed), all copies 3
Holdings
Source of classification or shelving scheme Damaged status Not for loan Home library Current library Shelving location Date of accession Source of acquisition Cost, normal purchase price Total Checkouts Full call number Barcode Checked out Date last seen Date checked out Copy number Koha item type
Dewey Decimal Classification     JCC Rouf Library JCC Rouf Library General Stacks 12/06/2017 Stowe School Library 4.00 6 823/.8 COL 2003 6929 08/07/2025 07/14/2025 07/14/2025 C-1 Books

JCC Library | Contacts | JCC Home

Last Update on 23 September 2017
Copyright @ 2017-2020 JCC Rouf Library
Rouf Library, Jhenidah Cadet College (JCC), Bangladesh